Método para aprender a pensar : map /

Guardado en:
Autor Principal: Labaké, Julio César
Formato: Libro
Publicado: Buenos Aires : Santillana, 1998
Materias:
Map
Etiquetas: Agregar Etiqueta
Sin Etiquetas, Sea el primero en etiquetar este registro!
LEADER 00624nam a22002055a 4500
001 CEM.cems009933
005 20080701115608.0
008 130507s1998##################000#0#####d
003 CEMS
020 |a 9504609996 
082 0 4 |a 371.36 
100 1 |a Labaké, Julio César 
245 1 0 |a Método para aprender a pensar :  |b map /  |c Julio César Labaké 
260 |a Buenos Aires :  |b Santillana,  |c 1998 
300 |a 172 p. 
500 |a Carpeta de trabajo para 8º y 9º de Egb 
653 |a Map 
653 |a Método para aprender a pensar 
653 |a Estudio dirigido 
859 |a CEMS  |b BIB. CEMS - 11 de abril  |h 371.36  |i L111  |p 20264.99  |t Ej.1